[Event "XXVIII Corsicoscacchi Chiuso"]
[Site "Corsico ITA"]
[Date "2003.10.04"]
[Round "1"]
[White "Contini, Luca"]
[Black "Buchicchio, Giampaolo"]
[Result "1/2-1/2"]
[WhiteElo "2329"]
[BlackElo "2250"]
[PlyCount "33"]
[EventDate "2003.10.04"]

1. d4 d5 2. c4 c6 3. Nf3 Nf6 4. Nc3 a6 5. e3 b5 6. b3 Bg4 7. Be2 Nbd7 8. O-O e6
9. h3 Bh5 10. Qc2 b4 11. Na4 Ne4 12. cxd5 cxd5 13. Qc6 Rc8 14. Qxa6 Ra8 15. Qc6
Rc8 16. Qa6 Ra8 17. Qc6 1/2-1/2

[Event "XXVIII Corsicoscacchi Chiuso"]
[Site "Corsico ITA"]
[Date "2003.10.04"]
[Round "1"]
[White "Molina, Fabrizio"]
[Black "Vancini, Edoardo"]
[Result "1/2-1/2"]
[WhiteElo "2256"]
[BlackElo "2284"]
[PlyCount "48"]
[EventDate "2003.10.04"]

1. c4 c5 2. Nc3 Nf6 3. g3 d5 4. cxd5 Nxd5 5. Bg2 Nc7 6. Nf3 Nc6 7. d3 e5 8. h4
Bg4 9. Qa4 Qd7 10. Be3 Be7 11. Ne4 b6 12. Nh2 Nb4 13. Nc3 Qxa4 14. Nxa4 Bd7 15.
Bxa8 Nxa8 16. Nc3 Nc2+ 17. Kd2 Nxa1 18. Rxa1 Nc7 19. Nf3 f6 20. Ne1 h6 21. f3
g5 22. Ng2 Kf7 23. Rh1 Kg7 24. g4 Be6 1/2-1/2

[Event "XXVIII Corsicoscacchi Chiuso"]
[Site "Corsico ITA"]
[Date "2003.10.04"]
[Round "1"]
[White "Passoni, Carlo"]
[Black "Berni, Giorgio"]
[Result "1/2-1/2"]
[WhiteElo "2246"]
[BlackElo "2219"]
[PlyCount "60"]
[EventDate "2003.10.04"]

1. e4 c5 2. Nf3 d6 3. d4 cxd4 4. Nxd4 Nf6 5. Nc3 e6 6. g4 h6 7. g5 hxg5 8. Bxg5
Nc6 9. Qd2 a6 10. O-O-O Bd7 11. h4 Qc7 12. Kb1 O-O-O 13. Rh3 Kb8 14. Nxc6+ Bxc6
15. e5 Nd5 16. Nxd5 Bxd5 17. Bxd8 Qxd8 18. c4 Be4+ 19. Bd3 Bg2 20. Rg3 Bc6 21.
exd6 Qxd6 22. Qg5 Qd4 23. Bc2 Qxf2 24. Qd8+ Ka7 25. Rb3 g6 26. Qc7 Bc5 27. Rd7
Qg1+ 28. Rd1 Qf2 29. Rd7 Qg1+ 30. Rd1 Qf2 1/2-1/2

[Event "XXVIII Corsicoscacchi Chiuso"]
[Site "Corsico ITA"]
[Date "2003.10.05"]
[Round "2"]
[White "Berni, Giorgio"]
[Black "Molina, Fabrizio"]
[Result "0-1"]
[WhiteElo "2219"]
[BlackElo "2256"]
[PlyCount "102"]
[EventDate "2003.10.04"]

1. e4 e6 2. d4 d5 3. e5 c5 4. c3 Nc6 5. Nf3 Qb6 6. a3 Nh6 7. b4 cxd4 8. cxd4
Nf5 9. Be3 Bd7 10. Bd3 Nxe3 11. fxe3 f6 12. O-O O-O-O 13. Nc3 Ne7 14. b5 Kb8
15. Na4 Qa5 16. Nc5 Ng6 17. exf6 gxf6 18. Nd2 Bxc5 19. Nb3 Qa4 20. Nxc5 Qxd1
21. Raxd1 Rhf8 22. e4 dxe4 23. Bxe4 Bxb5 24. Nxe6 Bxf1 25. Nxf8 Bxg2 26. Kxg2
Nxf8 27. Rf1 Rxd4 28. Rxf6 Rxe4 29. Rxf8+ Kc7 30. Rf7+ Kc6 31. Rxh7 Re2+ 32.
Kf3 Ra2 33. Rh5 Rxa3+ 34. Ke4 Ra4+ 35. Kd3 Kb6 36. Kc3 Ka6 37. Kb3 Rf4 38. Rh6+
Ka5 39. Rh5+ b5 40. Rh7 Rf3+ 41. Kb2 a6 42. Rc7 Kb4 43. Rc2 a5 44. Rg2 Rf4 45.
h3 a4 46. Ka2 Rf3 47. h4 Rh3 48. Rg4+ Ka5 49. Rf4 Rh2+ 50. Ka1 a3 51. Rg4 b4
0-1

[Event "XXVIII Corsicoscacchi Chiuso"]
[Site "Corsico ITA"]
[Date "2003.10.05"]
[Round "2"]
[White "Buchicchio, Giampaolo"]
[Black "Sbarra, Marco"]
[Result "1/2-1/2"]
[WhiteElo "2250"]
[BlackElo "2235"]
[PlyCount "67"]
[EventDate "2003.10.04"]

1. e4 e5 2. Nf3 Nc6 3. d4 exd4 4. Nxd4 Nf6 5. Nxc6 bxc6 6. e5 Qe7 7. Qe2 Nd5 8.
c4 Ba6 9. b3 O-O-O 10. g3 Re8 11. Bb2 f6 12. Nd2 fxe5 13. Bg2 h5 14. O-O-O Qb4
15. Ne4 Qa5 16. Kb1 Ba3 17. Qd2 Qxd2 18. Rxd2 Bxb2 19. Kxb2 Nb6 20. Rc1 Bb7 21.
a4 d5 22. cxd5 Nxd5 23. Nc5 Re7 24. Ka3 Rhe8 25. b4 e4 26. b5 e3 27. fxe3 Rxe3+
28. Kb2 Nb4 29. Rcd1 a5 30. bxa6 Nxa6 31. Nxa6 Bxa6 32. Bxc6 Rf8 33. Kc2 Bb7
34. Bxb7+ 1/2-1/2

[Event "XXVIII Corsicoscacchi Chiuso"]
[Site "Corsico ITA"]
[Date "2003.10.05"]
[Round "2"]
[White "Vancini, Edoardo"]
[Black "Contini, Luca"]
[Result "1/2-1/2"]
[WhiteElo "2284"]
[BlackElo "2329"]
[PlyCount "69"]
[EventDate "2003.10.04"]

1. d4 Nf6 2. Bg5 c5 3. Bxf6 gxf6 4. d5 Qb6 5. Qc1 f5 6. c4 Bg7 7. Nc3 O-O 8. e3
d6 9. Bd3 Nd7 10. f4 Nf6 11. Qc2 Ng4 12. Nd1 e6 13. h3 Nf6 14. dxe6 fxe6 15.
Nf3 Qa5+ 16. Nc3 b5 17. O-O bxc4 18. Bxc4 Rb8 19. Rf2 Rxb2 20. Qxb2 Ne4 21. Qb3
Qxc3 22. Bxe6+ Bxe6 23. Qxe6+ Kh8 24. Raf1 Qxe3 25. Ng5 Bd4 26. Qe7 Bg7 27.
Nxe4 Qxe4 28. Qxd6 Rg8 29. Kh1 Bd4 30. Rd2 Bc3 31. Rdf2 Bd4 32. Rd1 Rg6 33.
Qf8+ Rg8 34. Qd6 Rg6 35. Qf8+ 1/2-1/2

[Event "XXVIII Corsicoscacchi Chiuso"]
[Site "Corsico ITA"]
[Date "2003.10.05"]
[Round "3"]
[White "Buchicchio, Giampaolo"]
[Black "Molina, Fabrizio"]
[Result "1-0"]
[WhiteElo "2250"]
[BlackElo "2256"]
[PlyCount "103"]
[EventDate "2003.10.04"]

1. e4 e6 2. d4 d5 3. Nc3 Nc6 4. e5 f5 5. Nh3 Bb4 6. Bb5 Qe7 7. a3 Ba5 8. Nf4
Qf7 9. O-O Nge7 10. Na4 Bb6 11. c4 dxc4 12. Bxc4 Bxd4 13. Qb3 Nd8 14. Rd1 Nec6
15. Be3 Bxe3 16. Qxe3 O-O 17. Rac1 Kh8 18. b4 g5 19. Nd3 f4 20. Qe1 Qf5 21. b5
Ne7 22. h3 Ng6 23. Ba2 b6 24. Rxc7 Bb7 25. Bb1 Bxg2 26. Nxf4 Qxf4 27. Rdd7 Rf7
28. Rxf7 Nxf7 29. Bxg6 hxg6 30. Kxg2 g4 31. Qe3 Qxe3 32. fxe3 gxh3+ 33. Kxh3
Nxe5 34. Kh4 Nf3+ 35. Kg3 Ne5 36. Kf4 Nd3+ 37. Kg5 Rf8 38. Nc3 Ne5 39. Kh6 g5
40. Ne4 Nf7+ 41. Kh5 Ne5 42. Nxg5 Rf5 43. e4 Rf6 44. Rxa7 Nc4 45. Rc7 Nxa3 46.
e5 Rf8 47. Kg6 Nxb5 48. Rh7+ Kg8 49. Rg7+ Kh8 50. Nf7+ Rxf7 51. Kxf7 Nd4 52.
Rg5 1-0

[Event "XXVIII Corsicoscacchi Chiuso"]
[Site "Corsico ITA"]
[Date "2003.10.05"]
[Round "3"]
[White "Sbarra, Marco"]
[Black "Contini, Luca"]
[Result "1/2-1/2"]
[WhiteElo "2235"]
[BlackElo "2329"]
[PlyCount "40"]
[EventDate "2003.10.04"]

1. e4 c5 2. Nf3 d6 3. Bb5+ Bd7 4. Bxd7+ Qxd7 5. c4 Nc6 6. d4 cxd4 7. Nxd4 g6 8.
Nc3 Bg7 9. Nde2 Nh6 10. O-O f5 11. exf5 Nxf5 12. b3 O-O 13. Bf4 Rf7 14. Qd2
Raf8 15. Rad1 b6 16. Nd5 Ne5 17. Bxe5 Bxe5 18. f4 Bg7 19. a4 Kh8 20. Ne3 Qc6
1/2-1/2

[Event "XXVIII Corsicoscacchi Chiuso"]
[Site "Corsico ITA"]
[Date "2003.10.05"]
[Round "3"]
[White "Vancini, Edoardo"]
[Black "Passoni, Carlo"]
[Result "0-1"]
[WhiteElo "2284"]
[BlackElo "2246"]
[PlyCount "84"]
[EventDate "2003.10.04"]

1. d4 Nf6 2. Nf3 c5 3. e3 g6 4. dxc5 Qa5+ 5. Nbd2 Qxc5 6. a3 Bg7 7. b4 Qc7 8.
Bb2 O-O 9. c4 d6 10. Be2 b6 11. O-O Bb7 12. Rc1 Nbd7 13. Nd4 Rac8 14. Bf3 Ne5
15. Bxb7 Qxb7 16. Qe2 Ne4 17. N2b3 Qa6 18. f3 Nf6 19. Nd2 d5 20. Ne6 fxe6 21.
Bxe5 Qxa3 22. Rb1 dxc4 23. Nxc4 Rxc4 24. Bxf6 Rfc8 25. Bxg7 Kxg7 26. Ra1 Qxb4
27. Rxa7 Rc2 28. Qd3 Rd2 29. Qe4 Rcc2 30. Qe5+ Kh6 31. Qg3 Rxg2+ 32. Qxg2 Rxg2+
33. Kxg2 Qd2+ 34. Kh1 Qxe3 35. Rxe7 b5 36. Rf7 b4 37. Rd1 b3 38. Rdd7 b2 39.
Rxh7+ Kg5 40. Rb7 Qxf3+ 41. Kg1 Qd1+ 42. Kf2 b1=Q 0-1

[Event "XXVIII Corsicoscacchi Chiuso"]
[Site "Corsico ITA"]
[Date "2003.10.11"]
[Round "4"]
[White "Berni, Giorgio"]
[Black "Vancini, Edoardo"]
[Result "1/2-1/2"]
[WhiteElo "2219"]
[BlackElo "2284"]
[PlyCount "89"]
[EventDate "2003.10.04"]

1. e4 c5 2. Nc3 Nc6 3. Bb5 Nd4 4. Bc4 g6 5. Nf3 Bg7 6. Nxd4 cxd4 7. Qf3 Nh6 8.
Ne2 O-O 9. c3 dxc3 10. dxc3 d6 11. O-O Ng4 12. Bb3 Nf6 13. Ng3 a5 14. a4 Qb6
15. Bc4 Bd7 16. Qe2 Rac8 17. Be3 Qc7 18. Bb3 Be6 19. Bxe6 fxe6 20. Qb5 Nd7 21.
Ne2 Nc5 22. Bxc5 dxc5 23. Qc4 Qc6 24. Rad1 g5 25. f4 gxf4 26. Nxf4 Rf6 27. Nh5
Rg6 28. Nxg7 Kxg7 29. Rf4 Rg8 30. Rd2 Kh8 31. g3 Rg4 32. Rxg4 Rxg4 33. Re2 Qd6
34. Kf2 Rg6 35. Qb5 Rf6+ 36. Kg2 b6 37. Qe8+ Kg7 38. Qh5 Qd1 39. Qg5+ Kf7 40.
Rf2 Rxf2+ 41. Kxf2 Qxa4 42. Qf4+ Kg7 43. Qg5+ Kf8 44. Qf4+ Kg7 45. Qg5+ 1/2-1/2

[Event "XXVIII Corsicoscacchi Chiuso"]
[Site "Corsico ITA"]
[Date "2003.10.11"]
[Round "4"]
[White "Molina, Fabrizio"]
[Black "Sbarra, Marco"]
[Result "1/2-1/2"]
[WhiteElo "2256"]
[BlackElo "2235"]
[PlyCount "44"]
[EventDate "2003.10.04"]

1. c4 e6 2. Nf3 d5 3. g3 c5 4. cxd5 exd5 5. d4 Nc6 6. Nc3 Nf6 7. Bg2 Be7 8. O-O
O-O 9. b3 Ne4 10. Bb2 Bf6 11. Rc1 Be6 12. dxc5 Nxc5 13. Ba3 Qa5 14. Nb1 b6 15.
Qd2 Qa6 16. Bxc5 bxc5 17. Rxc5 Qb6 18. Rfc1 Rac8 19. Ng5 Be7 20. R5c3 Bf6 21.
Rc5 Be7 22. R5c3 Bf6 1/2-1/2

[Event "XXVIII Corsicoscacchi Chiuso"]
[Site "Corsico ITA"]
[Date "2003.10.11"]
[Round "4"]
[White "Passoni, Carlo"]
[Black "Buchicchio, Giampaolo"]
[Result "1/2-1/2"]
[WhiteElo "2246"]
[BlackElo "2250"]
[PlyCount "126"]
[EventDate "2003.10.04"]

1. e4 c5 2. Nf3 Nc6 3. Nc3 e6 4. d4 cxd4 5. Nxd4 Nf6 6. Nxc6 bxc6 7. e5 Nd5 8.
Ne4 Qc7 9. f4 Ba6 10. c4 Bb4+ 11. Kf2 Qb6+ 12. Kf3 f5 13. exf6 Nxf6 14. c5 Qa5
15. Nxf6+ gxf6 16. Bxa6 Qxa6 17. Qd4 Qb5 18. Be3 O-O-O 19. a3 Ba5 20. b4 Bc7
21. a4 Qb7 22. Kf2 e5 23. Qc4 exf4 24. Bxf4 Be5 25. Rab1 d5 26. cxd6 Rxd6 27.
Be3 Kb8 28. Rhd1 Rd5 29. b5 Rxd1 30. Rxd1 cxb5 31. axb5 Rc8 32. Qa4 Bc7 33. Rc1
Rg8 34. Bxa7+ Qxa7+ 35. Qxa7+ Kxa7 36. Rxc7+ Kb6 37. Rc6+ Kxb5 38. Rxf6 Kc5 39.
Kf3 Kd5 40. g4 Ke5 41. Rf5+ Ke6 42. Kf4 Rh8 43. h4 h6 44. Ra5 Kf6 45. Ra6+ Kg7
46. Ra7+ Kg6 47. h5+ Kf6 48. Ra6+ Kg7 49. Rg6+ Kh7 50. Kf5 Ra8 51. Re6 Ra5+ 52.
Re5 Ra6 53. Re7+ Kg8 54. Re6 Ra5+ 55. Kf6 Ra4 56. Kf5 Ra5+ 57. Kg6 Rg5+ 58.
Kxh6 Rxg4 59. Rg6+ Rxg6+ 60. hxg6 Kh8 61. Kh5 Kg7 62. Kg5 Kg8 63. Kf6 Kf8
1/2-1/2

[Event "XXVIII Corsicoscacchi Chiuso"]
[Site "Corsico ITA"]
[Date "2003.10.11"]
[Round "5"]
[White "Buchicchio, Giampaolo"]
[Black "Berni, Giorgio"]
[Result "1-0"]
[WhiteElo "2250"]
[BlackElo "2219"]
[PlyCount "95"]
[EventDate "2003.10.04"]

1. e4 c5 2. c3 d6 3. d4 Nf6 4. dxc5 Nc6 5. f3 dxc5 6. Qxd8+ Kxd8 7. Na3 a6 8.
Nc4 Nd7 9. a4 b6 10. Be3 Kc7 11. Nh3 h6 12. Nf4 e6 13. Be2 Nde5 14. O-O Nxc4
15. Bxc4 Ne5 16. Be2 Bb7 17. Rfd1 Nd7 18. Bc4 g5 19. Nd3 Bd6 20. b4 Rhe8 21. a5
b5 22. bxc5 Be5 23. Nxe5 Nxe5 24. Be2 f5 25. f4 Nf7 26. Bh5 Re7 27. fxg5 hxg5
28. c6 Kxc6 29. exf5 exf5 30. Bd4 g4 31. Rf1 Nd6 32. Rae1 Rxe1 33. Rxe1 Kd7 34.
Kf2 Rc8 35. Kg3 Ne4+ 36. Kf4 Nxc3 37. Kxf5 Bxg2 38. Bxg4 Rc4 39. Ke5+ Kc6 40.
Rg1 Bd5 41. Bh5 b4 42. Be8+ Kc7 43. Bxc3 Rxc3 44. Kxd5 Ra3 45. Rg7+ Kd8 46. Bg6
Rxa5+ 47. Kd6 Kc8 48. Be4 1-0

[Event "XXVIII Corsicoscacchi Chiuso"]
[Site "Corsico ITA"]
[Date "2003.10.11"]
[Round "5"]
[White "Contini, Luca"]
[Black "Molina, Fabrizio"]
[Result "0-1"]
[WhiteElo "2329"]
[BlackElo "2256"]
[PlyCount "48"]
[EventDate "2003.10.04"]

1. d4 e6 2. Nf3 d5 3. c4 c5 4. cxd5 exd5 5. g3 Nc6 6. Bg2 c4 7. O-O Bb4 8. Bd2
Nge7 9. Bc3 O-O 10. e4 dxe4 11. Nfd2 Nf5 12. Bxe4 Nfxd4 13. Nxc4 Bh3 14. Re1 g6
15. Bxb4 Nxb4 16. Nba3 Qf6 17. Re3 Rad8 18. Qe1 Nd5 19. Rd3 Rfe8 20. Rad1 Nb4
21. Qxb4 Ne2+ 22. Kh1 Rxd3 23. Rxd3 Qxf2 24. Rd1 Bf1 0-1

[Event "XXVIII Corsicoscacchi Chiuso"]
[Site "Corsico ITA"]
[Date "2003.10.11"]
[Round "5"]
[White "Sbarra, Marco"]
[Black "Passoni, Carlo"]
[Result "1-0"]
[WhiteElo "2235"]
[BlackElo "2246"]
[PlyCount "77"]
[EventDate "2003.10.04"]

1. e4 Nf6 2. e5 Nd5 3. d4 Nb6 4. c4 d6 5. exd6 cxd6 6. Nc3 g6 7. Be3 Bg7 8. Rc1
O-O 9. b3 f5 10. g3 Nc6 11. d5 Ne5 12. Bg2 Nbd7 13. f4 Ng4 14. Bd4 e5 15. dxe6
Re8 16. Nge2 Ndf6 17. h3 Nh6 18. O-O Rxe6 19. Nd5 Ne4 20. Bxg7 Kxg7 21. Qd4+
Kf7 22. g4 Bd7 23. g5 Ng8 24. Qh8 Re8 25. Qxh7+ Kf8 26. Bxe4 Rxe4 27. Ng3 Re6
28. Rce1 Qa5 29. Rxe6 Bxe6 30. Qxg6 Qc5+ 31. Kh2 Bxd5 32. cxd5 Qc2+ 33. Kh1 Qc3
34. Qxf5+ Ke8 35. Qe6+ Ne7 36. Ne4 Qd3 37. Nxd6+ Kd8 38. Nxb7+ Ke8 39. Rf2 1-0

[Event "XXVIII Corsicoscacchi Chiuso"]
[Site "Corsico ITA"]
[Date "2003.10.12"]
[Round "6"]
[White "Berni, Giorgio"]
[Black "Sbarra, Marco"]
[Result "1-0"]
[WhiteElo "2219"]
[BlackElo "2235"]
[PlyCount "51"]
[EventDate "2003.10.04"]

1. e4 e5 2. Nf3 Nc6 3. Bb5 a6 4. Ba4 Nf6 5. O-O b5 6. Bb3 Bb7 7. Re1 Bc5 8. c3
d6 9. d4 Bb6 10. a4 O-O 11. Bg5 h6 12. Bh4 g5 13. Bg3 Kg7 14. dxe5 Nxe5 15.
Nxe5 dxe5 16. Nd2 Re8 17. Qe2 Qd7 18. Bc2 Qc6 19. axb5 axb5 20. Rxa8 Rxa8 21.
Bxe5 Ra2 22. Rb1 Kg8 23. Bb3 Ra6 24. Qf3 Bc5 25. Qf5 Kf8 26. Bxf6 1-0

[Event "XXVIII Corsicoscacchi Chiuso"]
[Site "Corsico ITA"]
[Date "2003.10.12"]
[Round "6"]
[White "Passoni, Carlo"]
[Black "Contini, Luca"]
[Result "1-0"]
[WhiteElo "2246"]
[BlackElo "2329"]
[PlyCount "59"]
[EventDate "2003.10.04"]

1. e4 c5 2. Nf3 d6 3. d4 cxd4 4. Nxd4 Nf6 5. Nc3 e6 6. g4 Nc6 7. g5 Nd7 8. Be3
Be7 9. h4 a6 10. f4 Qc7 11. h5 b5 12. a3 Rb8 13. Qd2 Na5 14. b3 Nc6 15. Bg2 Nb6
16. Nxc6 Qxc6 17. h6 g6 18. Qd4 Rg8 19. O-O Qc5 20. Qd2 Qc7 21. a4 b4 22. a5
Nd7 23. Na4 Qxa5 24. Ba7 Rb7 25. Nc5 Qxa1 26. Nxb7 Qc3 27. Nxd6+ Bxd6 28. Qxd6
e5 29. Rd1 Qxc2 30. Bh3 1-0

[Event "XXVIII Corsicoscacchi Chiuso"]
[Site "Corsico ITA"]
[Date "2003.10.12"]
[Round "6"]
[White "Vancini, Edoardo"]
[Black "Buchicchio, Giampaolo"]
[Result "1/2-1/2"]
[WhiteElo "2284"]
[BlackElo "2250"]
[PlyCount "81"]
[EventDate "2003.10.04"]

1. e4 c5 2. Nc3 Nc6 3. g3 g6 4. Bg2 Bg7 5. d3 d6 6. Be3 e6 7. Qd2 Rb8 8. Nf3 b5
9. d4 Qb6 10. dxc5 dxc5 11. e5 Nxe5 12. Nxe5 Bxe5 13. Ne4 Bd4 14. c3 Bxe3 15.
Qxe3 Bb7 16. Rd1 Bxe4 17. Qxe4 Ne7 18. h4 O-O 19. h5 Rbd8 20. O-O Rxd1 21. Rxd1
Rd8 22. Rxd8+ Qxd8 23. Bf3 gxh5 24. Qe5 Qb6 25. Bxh5 Ng6 26. Qe4 b4 27. cxb4
cxb4 28. Bd1 Qc5 29. Bb3 a5 30. Kg2 Qe5 31. Kf3 Qxb2 32. Qa8+ Kg7 33. Qxa5 Qd4
34. Qg5 h6 35. Qe3 Ne5+ 36. Ke2 Qd6 37. Qe4 Qc5 38. Qe3 Qd6 39. Qe4 Kf6 40.
Qh4+ Kg7 41. Qe4 1/2-1/2

[Event "XXVIII Corsicoscacchi Chiuso"]
[Site "Corsico ITA"]
[Date "2003.10.12"]
[Round "7"]
[White "Contini, Luca"]
[Black "Berni, Giorgio"]
[Result "1/2-1/2"]
[WhiteElo "2329"]
[BlackElo "2219"]
[PlyCount "55"]
[EventDate "2003.10.04"]

1. d4 Nf6 2. c4 e6 3. Nf3 d5 4. Bg5 Nbd7 5. e3 c6 6. a3 Be7 7. Nc3 O-O 8. Qc2
b6 9. cxd5 exd5 10. Be2 Bb7 11. O-O Ne4 12. Bxe7 Qxe7 13. Nxe4 dxe4 14. Nd2 c5
15. dxc5 Nxc5 16. b4 Nd7 17. Qc7 Rab8 18. Bb5 Rfd8 19. Nc4 Rdc8 20. Qd6 Qd8 21.
Qxd7 Qxd7 22. Bxd7 Rxc4 23. Rfc1 Bd5 24. Bb5 Rxc1+ 25. Rxc1 Be6 26. Ba6 Rd8 27.
h3 f5 28. Rc6 1/2-1/2

[Event "XXVIII Corsicoscacchi Chiuso"]
[Site "Corsico ITA"]
[Date "2003.10.12"]
[Round "7"]
[White "Molina, Fabrizio"]
[Black "Passoni, Carlo"]
[Result "0-1"]
[WhiteElo "2256"]
[BlackElo "2246"]
[PlyCount "72"]
[EventDate "2003.10.04"]

1. c4 Nf6 2. g3 g6 3. Bg2 Bg7 4. Nc3 O-O 5. e4 e5 6. Nge2 Nc6 7. O-O d6 8. d3
Be6 9. Nd5 Nd7 10. Be3 a5 11. Qd2 Nc5 12. Rab1 Nd4 13. b3 c6 14. Ndc3 Bh3 15.
f4 Bxg2 16. Kxg2 f5 17. exf5 gxf5 18. Rf2 Nxe2 19. Rxe2 Ne6 20. Na4 Ra6 21.
Rbe1 b5 22. Nb2 b4 23. Na4 c5 24. Rf1 Qc7 25. Ref2 Qc6+ 26. Kg1 e4 27. dxe4
Qxe4 28. Rf3 Nd4 29. Bxd4 Bxd4+ 30. Kg2 Re8 31. h4 d5 32. cxd5 Qxd5 33. Re1
Rae6 34. Rxe6 Rxe6 35. Qd3 Kg7 36. Kh3 Re3 0-1

[Event "XXVIII Corsicoscacchi Chiuso"]
[Site "Corsico ITA"]
[Date "2003.10.12"]
[Round "7"]
[White "Sbarra, Marco"]
[Black "Vancini, Edoardo"]
[Result "0-1"]
[WhiteElo "2235"]
[BlackElo "2284"]
[PlyCount "72"]
[EventDate "2003.10.04"]

1. e4 c5 2. Nf3 e6 3. d4 cxd4 4. Nxd4 Nc6 5. Nb5 d6 6. c4 Nf6 7. N1c3 a6 8. Na3
Be7 9. Be2 O-O 10. O-O b6 11. Be3 Ne5 12. Rc1 Bb7 13. f3 Rc8 14. Qd2 Qc7 15.
Rfd1 Rfe8 16. Bf1 Qb8 17. Kh1 Ned7 18. Nc2 Kh8 19. b3 Rg8 20. a4 Bd8 21. Bf4
Ne5 22. Nb4 Nfd7 23. Nd3 Bc7 24. Nxe5 Nxe5 25. Qf2 d5 26. Bxe5 Bxe5 27. exd5
Bxh2 28. Qh4 Bg3 29. Qh3 exd5 30. Bd3 g6 31. Nxd5 Bxd5 32. cxd5 Rxc1 33. Rxc1
Re8 34. Qd7 Qe5 35. Be4 f5 36. Bd3 Qe3 0-1